| 000 | 01124cad a22002055a 4500 | ||
|---|---|---|---|
| 001 | L156715 | ||
| 008 | 120628s2012 xxk f 000 0 eng d | ||
| 035 | _a(Sirsi) u156715 | ||
| 041 | 0 | _aeng | |
| 110 | 2 |
_aUnited Kingdom _bDepartment of Energy and Climate Change _95850 |
|
| 245 | 0 | 0 |
_aHow the Green Deal will reflect the in-situ performance of energy efficiency measures _h[electronic resource] |
| 260 |
_aLondon _bDECC _c2012 |
||
| 520 | _aPublication sets out DECC's approach for increasing confidence and consumer protection around the energy savings that can be achieved from installing energy efficiency measures used for calculating Green Deal finance. It focuses on the domestic Green Deal and is aimed at organisations intending to supply-in to the Green Deal and ECO markets. | ||
| 590 | _aKA NTK | ||
| 651 | 4 | _aENGLAND AND WALES | |
| 690 |
_aSustainability _96271 |
||
| 690 |
_aEnvironment _96238 |
||
| 856 | 4 | 0 |
_uhttps://www.decc.gov.uk/assets/decc/11/tackling-climate-change/green-deal/5505-how-the-green-deal-will-reflect-the-insitu-perfor.pdf _zView the item free of charge at www.decc.gov.uk |
| 942 | _n0 | ||
| 999 |
_c114383 _d114383 |
||